• 首页
  • 本馆介绍
  • 公告通知
  • 最新文献
  • 馆藏检索
  • 电子资源
  • 读者导购
  • 参考咨询
  • 我的图书馆
  • 登录
  • 详细信息显示
  • 放入我的书架
  • 预约/预借图书
  • 作者相关作品
  • 分类相关作品
  • 丛书相关作品
  • 出版社相关作品

书目信息

  • 表格格式
  • 工作单格式
  • 卡片格式
题名:
论战略研究
    
 
作者: 冯之浚 著
分册:  
出版信息: 北京   群言出版社  1995
页数: 399页
开本: 20cm
丛书名:
单 册:
中图分类: F120.4
科图分类:
主题词: 经济--中国
电子资源:
ISBN: 7-80080-173-X
000 00565nam0 2200217 45
001 0501091374
005 20050109131112.3
010    @a7-80080-173-X@dCNY16.50
100    @a20050109d1995 km y0chiy0120 ea
101 0  @achi
102    @aCN@b110000
105    @ay z 000yy
200 1  @a论战略研究@ALun Zhan Lue Yan Jiu@f冯之浚著
210    @a北京@c群言出版社@d1995
215    @a399页@d20cm
606 0  @a经济@x中国
690    @aF120.4@v4
701  0 @a冯之浚@AFeng Zhi Jun@4著
801    @aCN@bAHTY@c20050109
905    @aBZT@dF120.4@e2
906    @dCNY16.50@n0@r1
    
    论战略研究/冯之浚著.-北京:群言出版社,1995
    399页;20cm
    
    
    ISBN 7-80080-173-X:CNY16.50
    
●
相关链接 在五车中查询图书 在当当中查询图书 在豆瓣中查询图书


正题名:论战略研究     索取号:F120.4/2         预约/预借

序号 登录号 条形码 馆藏地/架位号 状态 备注
1 387780   210179554   中心书库北库/ 北库007架A面2列4层39/ [索取号:F120.4/2] 在馆    
2 387781   210179563   中心书库北库/ 北库007架A面2列4层40/ [索取号:F120.4/2] 在馆    
3 387782   210179572   中心书库北库/ 北库007架A面2列5层33/ [索取号:F120.4/2] 在馆    
4 387783   210179590   中心书库北库/ 北库007架A面2列5层32/ [索取号:F120.4/2] 在馆    
5 387784   210179581   中心书库北库/ 北库007架A面2列5层31/ [索取号:F120.4/2] 在馆    
6 387785   210179616   中心书库北库/ 北库007架A面2列5层30/ [索取号:F120.4/2] 在馆    
7 387786   210179607   中心书库北库/ 北库007架A面2列5层29/ [索取号:F120.4/2] 在馆    
8 387787   210179625   中心书库北库/ 北库007架A面2列5层28/ [索取号:F120.4/2] 在馆    
9 387788   210179634   中心书库北库/ 北库007架A面2列5层27/ [索取号:F120.4/2] 在馆    
10 387789   210179643   中心书库北库/ 北库007架A面2列4层41/ [索取号:F120.4/2] 在馆    
山东省滨州职业学院图书馆 欢迎您!
大连网信软件有限公司© 版权所有